000
00345nam a2200145Ia 4500
008
230524s9999 xx 000 0 und d
020
_a
9789393165176
245
0
_a
GATE 2023 - Electronics Engineering
250
_a
1
260
_b
Made Easy
_c
2022
300
_a
776p;
500
_a
Quantity Number: 2
650
_a
Electronics
942
_c
BK
999
_c
60732
_d
60732